Estatuto general de contratación de la administración pública / (Registro nro. 15350)
[ vista simple ]
| 000 -LEADER | |
|---|---|
| fixed length control field | 01075nam a22002537a 4500 |
| 003 - CONTROL NUMBER IDENTIFIER | |
| control field | OSt |
| 005 - DATE AND TIME OF LATEST TRANSACTION | |
| control field | 20210312093551.0 |
| 008 - FIXED-LENGTH DATA ELEMENTS--GENERAL INFORMATION | |
| fixed length control field | 210312s2012 ck ||||grl||| 00| 0 spa d |
| 020 ## - INTERNATIONAL STANDARD BOOK NUMBER | |
| International Standard Book Number | 9789586539876 |
| 040 ## - CATALOGING SOURCE | |
| Original cataloging agency | CO-JMCR |
| Transcribing agency | CO-JMCR |
| 041 0# - LANGUAGE CODE | |
| Language code of text/sound track or separate title | spa |
| 082 04 - DEWEY DECIMAL CLASSIFICATION NUMBER | |
| Edition number | 23 |
| Classification number | 346.023861 / |
| Item number | C718e |
| 110 2# - MAIN ENTRY--CORPORATE NAME | |
| Corporate name or jurisdiction name as entry element | Colombia |
| 9 (RLIN) | 8040 |
| 245 10 - TITLE STATEMENT | |
| Title | Estatuto general de contratación de la administración pública / |
| 250 ## - EDITION STATEMENT | |
| Edition statement | Octava edición |
| 260 ## - PUBLICATION, DISTRIBUTION, ETC. | |
| Place of publication, distribution, etc. | Bogotá : |
| Name of publisher, distributor, etc. | Legis, |
| Date of publication, distribution, etc. | 2012 |
| 300 ## - PHYSICAL DESCRIPTION | |
| Extent | xliii, 675 páginas ; |
| Dimensions | 24 cm. |
| 501 ## - WITH NOTE | |
| With note | Con todos los valores agregados Legis, Jurisprudencia, Doctrina, comentarios y concordancias. |
| 520 0# - SUMMARY, ETC. | |
| Summary, etc. | Es el más novedoso sistema de información jurídica que trata cada materia con profundidad y que, además, permite al usuario conservar la edición de cada año, para formar una biblioteca histórica de consulta. |
| 650 24 - SUBJECT ADDED ENTRY--TOPICAL TERM | |
| Topical term or geographic name entry element | Contratos administrativos |
| General subdivision | Legislación |
| Geographic subdivision | Colombia |
| 9 (RLIN) | 35985 |
| 650 24 - SUBJECT ADDED ENTRY--TOPICAL TERM | |
| Topical term or geographic name entry element | Derecho administrativo |
| Geographic subdivision | Colombia |
| 9 (RLIN) | 8206 |
| 650 24 - SUBJECT ADDED ENTRY--TOPICAL TERM | |
| Topical term or geographic name entry element | Contratos públicos |
| Geographic subdivision | Legislación |
| General subdivision | Colombia |
| 9 (RLIN) | 35986 |
| 942 ## - ADDED ENTRY ELEMENTS (KOHA) | |
| Source of classification or shelving scheme | Dewey Decimal Classification |
| Koha item type | Books |
| Withdrawn status | Lost status | Source of classification or shelving scheme | Damaged status | Not for loan | Home library | Current library | Shelving location | Date acquired | Source of acquisition | Total Checkouts | Full call number | Barcode | Date last seen | Copy number | Price effective from | Koha item type |
|---|---|---|---|---|---|---|---|---|---|---|---|---|---|---|---|---|
| Dewey Decimal Classification | Biblioteca Pública José María del Castillo y Rada | Biblioteca Pública José María del Castillo y Rada | General Stacks | Donación | 346.023861 / C718e | 201810840 | 05/16/2024 | Ej.1 | Books |